Cage aquaculture

Since the first edition of this book, aquaculture has consolidated its position as an important means of producing food and as a contributor to global food security. Cage aquaculture too has continued to expand apace. The second edition of this important, useful and well-received book maintains the...

Szczegółowa specyfikacja

Zapisane w:
Opis bibliograficzny
1. autor: Beveridge, Malcol C. M.
Format: Książka
Język:Undetermined
Wydane: Britain Fishing News Books Ltd 1987
Hasła przedmiotowe:
Etykiety: Dodaj etykietę
Nie ma etykietki, Dołącz pierwszą etykiete!
Thư viện lưu trữ: Trung tâm Học liệu Trường Đại học Cần Thơ
LEADER 00999nam a2200205Ia 4500
001 CTU_38807
008 210402s9999 xx 000 0 und d
082 |a 639.31 
082 |b B571 
100 |a Beveridge, Malcol C. M. 
245 0 |a Cage aquaculture 
245 0 |c Malcol C. M. Beveridge 
260 |a Britain 
260 |b Fishing News Books Ltd 
260 |c 1987 
520 |a Since the first edition of this book, aquaculture has consolidated its position as an important means of producing food and as a contributor to global food security. Cage aquaculture too has continued to expand apace. The second edition of this important, useful and well-received book maintains the original aim of providing a thorough synthesis of information on cages and cage aquaculture practices with data and examples encompassing all major world regions. 
650 |a Aquaculture 
650 |x Equipment and supplies 
904 |i Thanh, Hải 
980 |a Trung tâm Học liệu Trường Đại học Cần Thơ